00414nam a2200157Ia 4500001000500000005001700005008004100022041000800063082002300071100003700094245007200131260000900203300002800212650000800240654000800248408220260306145729.0260306t1999||||xx |||||||||||||| ||spa|| aESP a306.85bH12 Nº 47 aRegadera López, AgustíneAUT 0a¿Es mi hijo superdotado o inteligente? :bpara padres y profesores c1999 a252 páginas :c19 cm. aGEN aCED